000
00277 a2200121 4500
000
nam a22 7a 4500
005
20260224155432.0
020
_a
9789369447404
100
_a
Rama Pandey
_9
1116566
245
_a
Saptaparni
260
_b
Vani Prakashan
_c
2025
942
_c
TEXL
999
_c
1680161
_d
1680161